[Event "IND-ch U19"]
[Site "Ahmedabad"]
[Date "2023.09.21"]
[Round "2"]
[White "Shivanth, M."]
[Black "Shah, Jeet"]
[Result "0-1"]
[WhiteElo "1632"]
[BlackElo "1925"]
[PlyCount "104"]
[EventDate "2023.09.20"]
[EventType "swiss"]
[EventRounds "11"]
[EventCountry "IND"]
[SourceTitle "EXT 2024"]
[Source "ChessBase"]
[SourceDate "2023.10.10"]
[SourceVersion "1"]
[SourceVersionDate "2023.10.10"]
[SourceQuality "1"]

1. e4 e5 2. Nf3 Nc6 3. Bb5 a6 4. Bxc6 dxc6 5. 0-0 Bg4 6. h3 h5 7. d3 Qf6 8. Nbd2 Ne7 9. Re1 Ng6 10. d4 Nf4 11. dxe5 Qg6 12. Nh4 Bxd1 13. Nxg6 Nxg6 14. Rxd1 0-0-0 15. e6 f6 16. Re1 Nf4 17. Nb3 Nxe6 18. Be3 c5 19. Rad1 Bd6 20. c3 Rhe8 21. Kf1 b6 22. Nd2 Bf4 23. Ke2 h4 24. Nf3 Rxd1 25. Rxd1 g5 26. Rd5 Rf8 27. Rf5 Ng7 28. Rd5 c6 29. Rd1 Ne6 30. Ne1 Re8 31. Nd3 Bxe3 32. fxe3 Ng7 33. Nf2 Nh5 34. Kf3 Kc7 35. Nh1 Re6 36. Kg4 Ng7 37. Nf2 b5 38. b3 a5 39. g3 hxg3 40. Kxg3 Ne8 41. h4 gxh4+ 42. Kf4 Rd6 43. Kf5 Rxd1 44. Nxd1 h3 45. e5 h2 46. Nf2 fxe5 47. Kxe5 Nd6 48. Kf4 b4 49. c4 Nxc4 50. e4 Nb2 51. Kf5 Nd3 52. Nh1 c4 0-1